<?xml version="1.0" encoding="UTF-8"?>
<record
    xmlns:xsi="http://www.w3.org/2001/XMLSchema-instance"
    xsi:schemaLocation="http://www.loc.gov/MARC21/slim http://www.loc.gov/standards/marcxml/schema/MARC21slim.xsd"
    xmlns="http://www.loc.gov/MARC21/slim">

  <leader>01128nam a2200253Ia 4500</leader>
  <controlfield tag="003">IN-BaIIA</controlfield>
  <controlfield tag="008">211028s9999    xx            000 0 eng d</controlfield>
  <datafield tag="020" ind1=" " ind2=" ">
    <subfield code="a">978-1-583812-29-7</subfield>
  </datafield>
  <datafield tag="040" ind1=" " ind2=" ">
    <subfield code="c">IIA Library</subfield>
  </datafield>
  <datafield tag="080" ind1=" " ind2=" ">
    <subfield code="a">082.2:52</subfield>
    <subfield code="b">ASP-361</subfield>
  </datafield>
  <datafield tag="111" ind1=" " ind2=" ">
    <subfield code="a">Conference on Active OB-Stars-Laboratories For Stellar and Circumstellar Physics</subfield>
    <subfield code="c">Japan</subfield>
    <subfield code="d">2005 Aug. 29- Sep. 2</subfield>
    <subfield code="9">31826</subfield>
  </datafield>
  <datafield tag="245" ind1=" " ind2="0">
    <subfield code="a">Active OB-stars-laboratories for stellar and circumstellar physics</subfield>
    <subfield code="b">proceeding of a conference held in Sapporo, Japan, 29 Aug - 2 Sep 2005</subfield>
    <subfield code="c">edited by Stanislav Stefl, S. P. Owocki and A. T. Okazaki                                            </subfield>
  </datafield>
  <datafield tag="260" ind1=" " ind2=" ">
    <subfield code="a">San Francisco</subfield>
    <subfield code="b">Astronomical Society of the Pacific</subfield>
    <subfield code="c">2007</subfield>
  </datafield>
  <datafield tag="300" ind1=" " ind2=" ">
    <subfield code="a">xxiv, 573p.</subfield>
  </datafield>
  <datafield tag="490" ind1=" " ind2=" ">
    <subfield code="a">ASP conference series; v. 361</subfield>
  </datafield>
  <datafield tag="650" ind1=" " ind2=" ">
    <subfield code="a">Active OB-stars - congresses</subfield>
    <subfield code="9">31827</subfield>
  </datafield>
  <datafield tag="650" ind1=" " ind2=" ">
    <subfield code="a">Circumstellar disks - congresses</subfield>
    <subfield code="9">31828</subfield>
  </datafield>
  <datafield tag="650" ind1=" " ind2=" ">
    <subfield code="a">Dynamical processes - congresses</subfield>
    <subfield code="9">31829</subfield>
  </datafield>
  <datafield tag="650" ind1=" " ind2=" ">
    <subfield code="a">Stellar physics - congresses</subfield>
    <subfield code="9">31830</subfield>
  </datafield>
  <datafield tag="700" ind1=" " ind2=" ">
    <subfield code="a">Okazaki, A. T., ed.</subfield>
    <subfield code="9">31831</subfield>
  </datafield>
  <datafield tag="700" ind1=" " ind2=" ">
    <subfield code="a">Owocki, S. P., ed.</subfield>
    <subfield code="9">31832</subfield>
  </datafield>
  <datafield tag="700" ind1=" " ind2=" ">
    <subfield code="a">Stefl, Stanislav, ed.</subfield>
    <subfield code="9">31833</subfield>
  </datafield>
  <datafield tag="942" ind1=" " ind2=" ">
    <subfield code="c">BK</subfield>
  </datafield>
  <datafield tag="999" ind1=" " ind2=" ">
    <subfield code="c">16976</subfield>
    <subfield code="d">16976</subfield>
  </datafield>
  <datafield tag="952" ind1=" " ind2=" ">
    <subfield code="0">0</subfield>
    <subfield code="1">0</subfield>
    <subfield code="4">0</subfield>
    <subfield code="7">0</subfield>
    <subfield code="a">BAN</subfield>
    <subfield code="b">BAN</subfield>
    <subfield code="c">GEN</subfield>
    <subfield code="d">2008-08-07</subfield>
    <subfield code="e">ASP   </subfield>
    <subfield code="l">0</subfield>
    <subfield code="o">082.2:52/ ASP-361</subfield>
    <subfield code="p">17898</subfield>
    <subfield code="r">2021-11-05</subfield>
    <subfield code="w">2008-08-07</subfield>
    <subfield code="y">BK</subfield>
    <subfield code=" ">77.00  </subfield>
  </datafield>
</record>
